[Event "Southend Easter op 64th"]
[Site "Southend"]
[Date "2022.04.16"]
[Round "3"]
[White "Wilson, Edgar"]
[Black "Oh, Julie"]
[Result "1-0"]
[WhiteElo "1856"]
[BlackElo "1399"]
[PlyCount "43"]
[EventDate "2022.04.15"]
[EventType "swiss"]
[EventRounds "7"]
[EventCountry "ENG"]
[SourceTitle "CBM 207 Extra"]
[Source "ChessBase"]
[SourceDate "2022.05.31"]
[SourceVersion "1"]
[SourceVersionDate "2022.05.31"]
[SourceQuality "1"]

1. e4 c5 2. Nf3 e6 3. d4 cxd4 4. Nxd4 a6 5. Nc3 Qc7 6. Be2 b5 7. a3 Bb7 8. 0-0 Nf6 9. Bf3 Nc6 10. Nxc6 Bxc6 11. Nd5 Qb7 12. Re1 0-0-0 13. Bg5 exd5 14. Bxf6 Re8 15. exd5 Rxe1+ 16. Qxe1 gxf6 17. Qe8+ Kc7 18. dxc6 dxc6 19. Rd1 Qc8 20. Qxc6+ Kb8 21. Qb6+ Qb7 22. Qxb7# 1-0

[Event "Southend Easter op 64th"]
[Site "Southend"]
[Date "2022.04.15"]
[Round "1"]
[White "Bird, Joel"]
[Black "Oh, Julie"]
[Result "1/2-1/2"]
[WhiteElo "2009"]
[BlackElo "1399"]
[PlyCount "54"]
[EventDate "2022.04.15"]
[EventType "swiss"]
[EventRounds "7"]
[EventCountry "ENG"]
[SourceTitle "CBM 207 Extra"]
[Source "ChessBase"]
[SourceDate "2022.05.31"]
[SourceVersion "1"]
[SourceVersionDate "2022.05.31"]
[SourceQuality "1"]

1. e4 c5 2. Nf3 e6 3. d4 cxd4 4. Nxd4 Nc6 5. Nc3 a6 6. Be3 Qc7 7. Nxc6 dxc6 8. Be2 Nf6 9. 0-0 Be7 10. f4 Bd7 11. Qe1 h5 12. Kh1 c5 13. Bf3 Bc6 14. Qe2 0-0-0 15. g4 Nxg4 16. Bxg4 hxg4 17. Qxg4 Rh4 18. Qe2 Rdh8 19. h3 f5 20. Qc4 R8h6 21. Kg1 g5 22. fxg5 Rg6 23. Bf2 Rh7 24. Be3 Rxh3 25. Bf4 Bd6 26. exf5 Bxf4 27. Qxf4 Rg3+ 1/2-1/2

[Event "London Mill Hill op U2400"]
[Site "London"]
[Date "2022.03.26"]
[Round "2"]
[White "Oh, Julie"]
[Black "Fryer, David William"]
[Result "0-1"]
[WhiteElo "1389"]
[BlackElo "1929"]
[PlyCount "112"]
[EventDate "2022.03.26"]
[EventType "swiss"]
[EventRounds "5"]
[EventCountry "ENG"]
[SourceTitle "EXT 2024"]
[Source "ChessBase"]
[SourceDate "2023.10.10"]
[SourceVersion "1"]
[SourceVersionDate "2023.10.10"]
[SourceQuality "1"]

1. e4 d6 2. f4 c5 3. Nc3 Nc6 4. Bb5 Bd7 5. Bc4 e6 6. Nf3 a6 7. a3 b5 8. Ba2 g6 9. 0-0 Bg7 10. d3 Nge7 11. f5 h6 12. fxe6 fxe6 13. Qe1 Qc7 14. Bf4 0-0-0 15. Rb1 g5 16. Be3 Nd4 17. Qd2 Rdf8 18. Bxd4 cxd4 19. Ne2 Qb6 20. Kh1 g4 21. Nh4 Bf6 22. g3 Bg5 23. Nf4 e5 24. Nhg6 Nxg6 25. Nd5 Bxd2 26. Nxb6+ Kd8 27. Nd5 Bg5 28. c4 Rxf1+ 29. Rxf1 Rf8 30. Rxf8+ Nxf8 31. b4 bxc4 32. Bxc4 Bb5 33. a4 Bxc4 34. dxc4 d3 35. b5 d2 36. Nc3 a5 37. Kg2 Nd7 38. Kf2 Nb6 39. Ke2 Nxc4 40. Nd1 Kc7 41. Nc3 Nb2 42. Nd5+ Kb7 43. Nc3 Ka7 44. Nd1 Nxa4 45. Kd3 Nc5+ 46. Kc4 Kb6 47. Kd5 Kxb5 48. Kxd6 Nd3 49. Kd5 a4 50. Nc3+ Kb4 51. Nd1 a3 52. Ke6 a2 53. Kf5 a1Q 54. Kxg4 Qxd1+ 55. Kh3 Nf4+ 56. gxf4 Qf3# 0-1

[Event "Harrogate 4NCL op-B 27th"]
[Site "Harrogate"]
[Date "2022.01.22"]
[Round "3"]
[White "Bielby, Paul R"]
[Black "Oh, Julie"]
[Result "1/2-1/2"]
[WhiteElo "1948"]
[BlackElo "1566"]
[PlyCount "92"]
[EventDate "2022.01.21"]
[EventType "swiss"]
[EventRounds "5"]
[EventCountry "ENG"]
[SourceTitle "CBM 206 Extra"]
[Source "ChessBase"]
[SourceDate "2022.03.31"]
[SourceVersion "1"]
[SourceVersionDate "2022.03.31"]
[SourceQuality "1"]

1. e4 c5 2. Nf3 e6 3. c3 Nf6 4. d3 Qc7 5. Be2 Nc6 6. 0-0 a6 7. Re1 b5 8. Nbd2 Bb7 9. Nf1 Be7 10. h3 h6 11. N3h2 Ne5 12. Be3 Ng6 13. g3 d5 14. exd5 Nxd5 15. Bf3 Nxe3 16. Rxe3 0-0-0 17. a4 Bg5 18. Bxb7+ Qxb7 19. f4 Bf6 20. axb5 axb5 21. Qf3 Qxf3 22. Nxf3 Kb7 23. Kf2 Ra8 24. Ree1 b4 25. d4 bxc3 26. bxc3 Rxa1 27. Rxa1 cxd4 28. cxd4 Ra8 29. Rxa8 Kxa8 30. Ne3 Kb7 31. f5 Nf8 32. Ng4 Nd7 33. fxe6 fxe6 34. Ke3 Kc6 35. Ke4 Kd6 36. Nd2 Nb6 37. Nxf6 gxf6 38. g4 Ke7 39. h4 Kf7 40. h5 Ke7 41. Nf1 Nd5 42. Ng3 Kd6 43. Kf3 Ke7 44. Ne4 Kf7 45. Nc5 Ke7 46. Ke4 Nc3+ 1/2-1/2

[Event "London Mill Hill op U2200"]
[Site "London"]
[Date "2021.11.28"]
[Round "4"]
[White "Oh, Julie"]
[Black "Majumder, Shrayan"]
[Result "0-1"]
[WhiteElo "1389"]
[BlackElo "1686"]
[PlyCount "134"]
[EventDate "2021.11.27"]
[EventType "swiss"]
[EventRounds "5"]
[EventCountry "ENG"]
[SourceTitle "EXT 2023"]
[Source "ChessBase"]
[SourceDate "2022.10.05"]
[SourceVersion "1"]
[SourceVersionDate "2022.10.05"]
[SourceQuality "1"]

1. e4 e6 2. Nc3 d5 3. d4 Nf6 4. Bg5 Bb4 5. e5 h6 6. exf6 hxg5 7. fxg7 Rg8 8. a3 Bxc3+ 9. bxc3 Qf6 10. Nf3 Qxg7 11. Ne5 Nd7 12. Qe2 c5 13. Qe3 c4 14. g3 Nxe5 15. dxe5 Bd7 16. Rb1 Bc6 17. Qd4 Qf8 18. Ra1 b6 19. Kd2 Qc5 20. Bg2 Ke7 21. Rhf1 Rac8 22. f4 Qxd4+ 23. cxd4 c3+ 24. Ke3 g4 25. Rh1 Ba4 26. Rac1 Rh8 27. Kd3 Rh7 28. h4 gxh3 29. Rxh3 Rxh3 30. Bxh3 Bb5+ 31. Ke3 Rh8 32. Rh1 Bc4 33. g4 b5 34. Bg2 Rg8 35. g5 a5 36. Bf1 b4 37. Bxc4 dxc4 38. axb4 axb4 39. Rb1 Rb8 40. d5 exd5 41. Kd4 Ke6 42. g6 fxg6 43. Rg1 Rg8 44. Rb1 Rf8 45. Rf1 Rf5 46. Ke3 g5 47. Rb1 Rxf4 48. Rxb4 Kxe5 49. Rb8 d4+ 50. Ke2 Re4+ 51. Kd1 g4 52. Re8+ Kf4 53. Rf8+ Ke3 54. Rf1 g3 55. Re1+ Kf3 56. Rf1+ Kg2 57. Rf6 Kg1 58. Rf7 g2 59. Rf6 d3 60. cxd3 cxd3 61. Rc6 Kh2 62. Rh6+ Kg3 63. Rg6+ Rg4 64. Re6 g1Q+ 65. Re1 Qxe1+ 66. Kxe1 Ra4 67. Kf1 Ra1# 0-1

[Event "Caplin British Online"]
[Site "Chess.com INT"]
[Date "2020.12.28"]
[Round "5"]
[White "Oh, Julie"]
[Black "Finn, Peter"]
[Result "0-1"]
[WhiteElo "1168"]
[BlackElo "1959"]
[PlyCount "132"]
[EventDate "2020.12.21"]
[EventType "swiss"]
[EventRounds "9"]
[EventCountry "GBR"]
[SourceTitle "CBM 200 Extra"]
[Source "ChessBase"]
[SourceDate "2021.03.31"]
[SourceVersion "1"]
[SourceVersionDate "2021.03.31"]
[SourceQuality "1"]

1. e4 e6 2. Nc3 d5 3. d4 dxe4 4. Nxe4 Nd7 5. Nf3 Ngf6 6. Nxf6+ Nxf6 7. Be3 c5 8. c3 cxd4 9. Bxd4 Be7 10. Be2 0-0 11. 0-0 b6 12. Bd3 Bb7 13. Qe2 Qc7 14. Ne5 Bc5 15. Bxc5 Qxc5 16. Rad1 Rad8 17. Ng4 Qg5 18. Nxf6+ gxf6 19. Be4 Bxe4 20. Qxe4 Rd2 21. f4 Qc5+ 22. Kh1 Rfd8 23. Rxd2 Rxd2 24. Qb1 Qd5 25. Rg1 Qb5 26. b3 Qe2 27. Qe1 Qd3 28. Qg3+ Qxg3 29. hxg3 Rxa2 30. Rc1 Kg7 31. Kh2 Kg6 32. c4 Rb2 33. Rc3 Kf5 34. c5 bxc5 35. Rxc5+ e5 36. g4+ Kxf4 37. Rc4+ Kg5 38. Ra4 Rxb3 39. Rxa7 Kg6 40. Re7 Rb6 41. Kg3 Re6 42. Rb7 h6 43. Kf3 Kg7 44. Ke4 Rd6 45. Rb4 Rd7 46. g3 Kg6 47. Rc4 Rd4+ 48. Rxd4 exd4 49. Kxd4 Kg5 50. Ke3 Kxg4 51. Kf2 f5 52. Kg2 f4 53. gxf4 Kxf4 54. Kf2 h5 55. Kg2 Ke3 56. Kf1 f5 57. Ke1 f4 58. Kf1 Kf3 59. Kg1 Ke2 60. Kh2 f3 61. Kg3 f2 62. Kh4 f1Q 63. Kxh5 Qg2 64. Kh4 Kf3 65. Kh5 Qg7 66. Kh4 Qg4# 0-1

[Event "Caplin British Online"]
[Site "Chess.com INT"]
[Date "2020.12.21"]
[Round "1"]
[White "Oh, Julie"]
[Black "Shafi, Declan"]
[Result "0-1"]
[WhiteElo "1168"]
[BlackElo "2166"]
[PlyCount "118"]
[EventDate "2020.12.21"]
[EventType "swiss"]
[EventRounds "9"]
[EventCountry "GBR"]
[SourceTitle "CBM 200 Extra"]
[Source "ChessBase"]
[SourceDate "2021.03.31"]
[SourceVersion "1"]
[SourceVersionDate "2021.03.31"]
[SourceQuality "1"]

1. e4 e6 2. Nc3 d5 3. d4 Bb4 4. e5 c5 5. a3 Bxc3+ 6. bxc3 Qa5 7. Bd2 Qa4 8. Nf3 Ne7 9. Bd3 b6 10. 0-0 Ba6 11. Bxa6 Qxa6 12. Qe1 Nbc6 13. Be3 c4 14. Nh4 0-0-0 15. a4 Rdg8 16. f4 Nf5 17. Nxf5 exf5 18. Qb1 Qa5 19. Qb5 Kc7 20. Qxa5 Nxa5 21. Rab1 Kd7 22. Bc1 Ke6 23. Ba3 h6 24. Bb4 Nc6 25. Kh1 g5 26. Rbe1 Rg6 27. Ba3 Rhg8 28. g3 g4 29. Kg2 h5 30. Rh1 Rh6 31. Bd6 h4 32. Bb4 Rgh8 33. Rb1 Kd7 34. Bd6 Kc8 35. Rbe1 Kb7 36. Bb4 a5 37. Bd6 Ka6 38. Rb1 hxg3 39. hxg3 Rxh1 40. Rxh1 Rxh1 41. Kxh1 Na7 42. Kg1 b5 43. axb5+ Nxb5 44. Kf2 a4 45. Ke1 a3 46. Bxa3 Nxa3 47. Kd2 Nb5 48. Ke2 Nxc3+ 49. Ke3 Ne4 50. Ke2 Nxg3+ 51. Kf2 Ne4+ 52. Kg2 Kb5 53. Kf1 c3 54. Ke2 Kc4 55. Ke3 g3 56. e6 g2 57. exf7 g1Q+ 58. Ke2 Qf2+ 59. Kd1 Qd2# 0-1

[Event "English Online Blitz (Women)"]
[Site "Chess.com INT"]
[Date "2020.05.16"]
[Round "1.52"]
[White "Oh, Julie"]
[Black "Sucikova, Svetlana"]
[Result "0-1"]
[WhiteElo "1168"]
[BlackElo "2171"]
[PlyCount "120"]
[EventDate "2020.05.16"]
[EventType "k.o. (blitz)"]
[EventRounds "4"]
[EventCountry "ENG"]
[SourceTitle "CBM 196 Extra"]
[Source "ChessBase"]
[SourceDate "2020.07.31"]
[SourceVersion "1"]
[SourceVersionDate "2020.07.31"]
[SourceQuality "1"]

1. e4 c6 2. d4 d5 3. e5 Bf5 4. Nf3 e6 5. Be3 Nd7 6. c4 dxc4 7. Bxc4 Ne7 8. Nc3 Nb6 9. Bb3 Ned5 10. Nxd5 Nxd5 11. Bxd5 Qxd5 12. 0-0 Be7 13. b3 0-0 14. Rc1 Ba3 15. Rc3 Rfd8 16. Qe2 Be4 17. Rd1 Rd7 18. h3 Rad8 19. Bc1 Bxf3 20. gxf3 Bxc1 21. Rcxc1 c5 22. Rxc5 Qxc5 23. dxc5 Rxd1+ 24. Kg2 R1d7 25. Qe3 Rc7 26. b4 h6 27. a3 Rdc8 28. Qd4 a5 29. Qd6 axb4 30. axb4 Rc6 31. Qd7 R8c7 32. Qd8+ Kh7 33. Qd3+ g6 34. f4 b6 35. cxb6 Rxb6 36. Qb3 Rcb7 37. h4 Rxb4 38. Qd3 Rxf4 39. Qg3 Rf5 40. f4 Rb2+ 41. Kf3 Rb3+ 42. Kf2 Rxg3 43. Kxg3 Kg8 44. Kg4 Kf8 45. Kf3 Ke7 46. Kg4 Kd7 47. Kf3 Kc6 48. Kg4 Kd5 49. Kf3 Kd4 50. Kg4 Ke4 51. Kg3 Rxf4 52. Kh3 Kxe5 53. Kg3 Kf5 54. Kg2 e5 55. Kg3 e4 56. Kh3 e3 57. Kg3 e2 58. h5 e1Q+ 59. Kh3 Rg4 60. hxg6 Qg3# 0-1

[Event "London Classic op U1825 11th"]
[Site "London"]
[Date "2019.12.01"]
[Round "5"]
[White "Oh, Julie"]
[Black "Baroukh, Leon"]
[Result "1-0"]
[WhiteElo "1106"]
[BlackElo "1630"]
[PlyCount "137"]
[EventDate "2019.11.29"]
[EventType "swiss"]
[EventRounds "5"]
[EventCountry "ENG"]
[SourceTitle "CBM 195 Extra"]
[Source "ChessBase"]
[SourceDate "2020.05.31"]
[SourceVersion "1"]
[SourceVersionDate "2020.05.31"]
[SourceQuality "1"]

1. e4 e5 2. Nf3 Nc6 3. Bc4 f6 4. d4 exd4 5. Nxd4 Ne5 6. Bb3 Bc5 7. f4 Nf7 8. Bxf7+ Kxf7 9. Qh5+ g6 10. Qd5+ Ke7 11. Qxc5+ d6 12. Qa3 c5 13. Nf3 Bg4 14. h3 Bxf3 15. Qxf3 b5 16. Nc3 b4 17. Nd5+ Kf7 18. 0-0 Ne7 19. Re1 Nc6 20. c3 a5 21. e5 Re8 22. e6+ Rxe6 23. Rxe6 Kxe6 24. Qe4+ Kd7 25. f5 Kc8 26. Nxf6 Kc7 27. Bg5 Qh8 28. Nd5+ Kb7 29. Rb1 Qe5 30. Qc4 Na7 31. Bf4 Qxf5 32. Re1 Rd8 33. Re7+ Rd7 34. Bxd6 Rxe7 35. Nxe7 Qh5 36. Qe4+ Kb6 37. Nd5+ Kb5 38. Qe8+ Ka6 39. Nc7+ Kb7 40. Qa8+ Kb6 41. Nd5+ Kb5 42. Qb7+ Ka4 43. cxb4 Qd1+ 44. Kh2 Nb5 45. Qxb5+ Kxb5 46. Nc3+ Kc6 47. Nxd1 Kxd6 48. bxa5 c4 49. a6 Kc7 50. b3 cxb3 51. axb3 Kb6 52. a7 Kxa7 53. b4 Kb6 54. Kg3 Kb5 55. Kf4 h6 56. Ke5 Kxb4 57. Kf6 g5 58. Kg6 Kc4 59. Kxh6 g4 60. hxg4 Kd5 61. g5 Ke6 62. g6 Kf5 63. g7 Kg4 64. Kh7 Kg3 65. g8R+ Kh4 66. Kg6 Kg4 67. Kf6+ Kh4 68. Kf5 Kh5 69. Rh8# 1-0

[Event "London Classic op U1825 11th"]
[Site "London"]
[Date "2019.12.01"]
[Round "4"]
[White "Stoyanov, Boris1111"]
[Black "Oh, Julie"]
[Result "0-1"]
[WhiteElo "1504"]
[BlackElo "1106"]
[PlyCount "40"]
[EventDate "2019.11.29"]
[EventType "swiss"]
[EventRounds "5"]
[EventCountry "ENG"]
[SourceTitle "CBM 195 Extra"]
[Source "ChessBase"]
[SourceDate "2020.05.31"]
[SourceVersion "1"]
[SourceVersionDate "2020.05.31"]
[SourceQuality "1"]

1. e4 c5 2. Nf3 e6 3. Nc3 Nf6 4. d3 d5 5. Bg5 h6 6. Bh4 g5 7. Bg3 Nc6 8. Nb5 Qa5+ 9. Qd2 Qxb5 10. 0-0-0 Qa4 11. Kb1 Bg7 12. h4 dxe4 13. dxe4 Nxe4 14. Qd3 Qb4 15. c3 Bxc3 16. b3 Qa3 17. Qc2 Nb4 18. Bb5+ Kf8 19. Qe2 Bf6 20. hxg5 Nc3+ 0-1